Nové cesty vo využití pohárov pri podpore značiek
Konkurenčný boj na trhu s nápojmi núti výrobcov prehodnocovať doterajší spôsob komunikácie so zákazníkmi. Firma SAHM Slovensko, s.r.o., spoločnosť v oblasti dekorovaného skla pre značkové nápoje predstavuje príklady trendov a možností, ktoré je možné využiť pri propagácii a podpore značky.
Salvato in:
| Natura: | Capitolo di libro |
|---|---|
| Lingua: | slovacco |
| Soggetti: | |
| Tags: |
Nessun Tag, puoi essere il primo ad aggiungerne!!
|
MARC
| LEADER | 00000naa a2200000 4500 | ||
|---|---|---|---|
| 001 | r035252 | ||
| 005 | 20230929095935.5 | ||
| 041 | 0 | |a slo | |
| 044 | |a SK | ||
| 245 | 1 | 0 | |a Nové cesty vo využití pohárov pri podpore značiek |
| 520 | |a Konkurenčný boj na trhu s nápojmi núti výrobcov prehodnocovať doterajší spôsob komunikácie so zákazníkmi. Firma SAHM Slovensko, s.r.o., spoločnosť v oblasti dekorovaného skla pre značkové nápoje predstavuje príklady trendov a možností, ktoré je možné využiť pri propagácii a podpore značky. | ||
| 610 | 2 | 0 | |a reklama |
| 610 | 2 | 0 | |a sklo |
| 610 | 2 | 0 | |a nápoje alkoholické |
| 610 | 2 | 0 | |a nápoje nealkoholické |
| 610 | 2 | 0 | |a komunikácia marketingová |
| 610 | 2 | 0 | |a zákazníci |
| 610 | 2 | 0 | |a podpora predaja |
| 610 | 2 | 0 | |a propagácia |
| 610 | 2 | 0 | |a nástroje marketingové |
| 610 | 2 | 0 | |a SAHM Slovensko, s.r.o. Bratislava |